000
00336 a2200157 4500
001
167821
020
_a
040
_c
Magnum
100
_a
Murgel Branco, Samuel
240
1
0
_a
O ambiente da atmosfera
_l
por
245
1
0
_a
O ambiente da atmosfera
362
0
_a
1899
440
1
_a
Moderna
697
_a
IJ/PARADIDATICO
942
_c
BK
999
_c
167821
_d
167821